Megasportesemények gazdasági hatásai a vendéglátásra Budapesten -Formula-1 ,2020-as Labdarugó EB, Atlétikai VB
| Szerző: | |
|---|---|
| További közreműködők: | |
| Dokumentumtípus: | Diplomadolgozat |
| Kulcsszavak: | Atlétika VB Budapest Labdarugó EB Magyar Nagydíj megasportesemény sportturizmus vendéglátás |
| Online Access: | http://dolgozattar.uni-bge.hu/59832 |
MARC
| LEADER | 00000nta a2200000 i 4500 | ||
|---|---|---|---|
| 001 | dolg59832 | ||
| 005 | 20260409145625.0 | ||
| 008 | 260409suuuu hu om 000 hun d | ||
| 040 | |a BGE Dolgozattár Repozitórium |b hun | ||
| 041 | |a hu | ||
| 100 | 1 | |a Vincze Mátyás | |
| 245 | 1 | 0 | |a Megasportesemények gazdasági hatásai a vendéglátásra Budapesten -Formula-1 ,2020-as Labdarugó EB, Atlétikai VB |c Vincze Mátyás |h [elektronikus dokumentum] |
| 520 | 3 | |a Szakdolgozatomban ismertetem a Budapesten a közelmúltban megrendezésre került megasportesemények hatásait a vendéglátásra. A Magyar Nagydíj elmúlt években felhalmozott bevételeit, jegyértékesítéseit és egyéb statisztikáit, valamint 2021-ben megrendezésre kerülő Labdarugó-Európa-bajnokság budapesti megrendezésének menetét és hatásait, és a 2023-as Atlétikai Világbajnokság előkészületeit céljait és hatásait. Zárásképp kitérek a sportturizmus trendjeire és innovációira. A szakirodalmak mellett vendéglátásban résztvevő interjúalanyaim segítettek ezen pontok ismertetésében. | |
| 695 | |a Atlétika VB | ||
| 695 | |a Budapest | ||
| 695 | |a Labdarugó EB | ||
| 695 | |a Magyar Nagydíj | ||
| 695 | |a megasportesemény | ||
| 695 | |a sportturizmus | ||
| 695 | |a vendéglátás | ||
| 700 | 1 | |a Nagy Adrienne |e ths | |
| 856 | 4 | 0 | |u http://dolgozattar.uni-bge.hu/59832/1/Szakdolgozat%20Vincze%20M%C3%A1ty%C3%A1s%202025%20%284%29.pdf |z Dokumentum-elérés |
| 856 | 4 | 0 | |u http://dolgozattar.uni-bge.hu/59832/2/Vincze_M%C3%A1ty%C3%A1s_opponens_Magyar_M%C3%A1rton.pdf |z Dokumentum-elérés |
| 856 | 4 | 0 | |u http://dolgozattar.uni-bge.hu/59832/3/B%C3%ADr%C3%A1lati%20lap_BSc_VinczeM%C3%A1ty%C3%A1s.pdf |z Dokumentum-elérés |